The Information age : Economy, society and culture V.III. End of millennium (Record no. 41983)

MARC details
000 -LEADER
fixed length control field 00372nam a2200133Ia 4500
020 ## - INTERNATIONAL STANDARD BOOK NUMBER
ISBN 0631221395
082 ## - DEWEY DECIMAL CLASSIFICATION NUMBER
Classification number 339
Item number CAS
100 ## - MAIN ENTRY--AUTHOR NAME
Personal name Castells, Manual
245 #4 - TITLE STATEMENT
Title The Information age : Economy, society and culture V.III. End of millennium
250 ## - EDITION STATEMENT
Edition statement Ed.2
260 ## - PUBLICATION, DISTRIBUTION, ETC. (IMPRINT)
Place of publication UK
Name of publisher Blackwell Publishers
Year of publication 2000
942 ## - ADDED ENTRY ELEMENTS (KOHA)
Koha item type Books
Holdings
Withdrawn status Lost status Damaged status Not for loan Home library Current library Date acquired Cost, normal purchase price Full call number Accession Number Koha item type
        RRII Library RRII Library 16/12/2021 16.99 339 CAS 22263 Books